00860nam a2200229 450000500170000001000150001702000260003203500140005803700130007208200110008510000250009624500710012125000090019226000410020127000760024230000290031850000770034770000300042494200250045499900190047995201320049820240129114047.0 aENG-139020 c770.00a9789355322036 aEN-122552 bDBAD/PUB a00021 aSarkar, Samim961372 aWBCS:bMains Mock Test Series 2022/cBy Samim Sarkar, & Sutapa Kar a1 ed aChennaibMcGraw Hill Educationc2022 aAnjana Complex No: 5/90A, Butt Road, St. Thomas Mount,bChennaie600016 aVarious pagesc25cm(pbk) aSolved 2021 WBCS Mains Paper I-VI 7 Main Practice sets with Papers I-VI aKar SutapaeAuthor961305 2ddccENh000mSARe1 c200390d200390 001040708NFICaZLSbZLSd2024-01-25eDBAD/PUBg770.00l0o000 SARpEN-122552r2024-01-25 00:00:00t1v370.00w2024-01-25yEN